000 00693nam a2200277Ia 4500
005 20260324121135.0
008 008 260324s9999 xx 000 0 eng d
020 _a9781315780146
037 _aEBOOK
040 _aCRL
040 _beng
040 _cCRL
041 _2eng
041 _aeng
084 _qCRL
100 _aShun Chen; Hilde Meersman; Eddy Van de Voorde; Koos Frouws
_91161346
245 0 _aModelling and Forecasting in Dry Bulk Shipping
260 _bTaylor and Francis
260 _c2014
365 _a
365 _b480
856 _uhttp://www.taylorfrancis.com/books/9781315780146
942 _cEBOOK
999 _c1753263
_d1753263